00429 2200157 4500001002100000008004100021035002000062245007500082100002500157250000600182260003500188084001400223082000800237650001400245990001200259INLIS000000000001558 ind  a0010-0125000056 aTips Menjadi Guru Inspirasi, Kreatif dan InovatifcJamal Ma'mur Asmani aMa'mur Asmani, Jamal a1 aYogyakarta :bDiva Pressc2011 a370 JAM t a370 aNon Fiksi a0715087